| 000 | 01394nam a2200349 c 4500 | ||
|---|---|---|---|
| 003 | BLK | ||
| 005 | 20230612160205.0 | ||
| 008 | 180411b bul|||||r ||||||| ||bul|| | ||
| 010 | _aKNG00186524000 | ||
| 020 |
_a978-619-150-705-4 _bиздат.: Колибри |
||
| 040 | _aBLK | ||
| 041 |
_aBUL _cBUL |
||
| 072 | 7 |
_2bullib _aН83 _xЧужда художествена литература Н |
|
| 080 |
_aАнглийска литература _b821.111 _x-31 _z821.111-31 |
||
| 100 | 1 |
_aАткинсън, Кейт _eпърви автор _9334599 |
|
| 700 | 1 |
_aКариева, Ралица Бойчева _eпрев. от англ. _977094 |
|
| 139 |
_aАткинсън, Кейт _bА 93 |
||
| 245 | 1 | 0 |
_aЖивот след живот _bРоман _cКейт Аткинсън; прев. от англ. Ралица Бойчева Кариева. |
| 257 | _aGBR | ||
| 260 |
_аСофия _bКолибри _c2016 _fСофия : Инвестпрес |
||
| 300 |
_a469 с. _c20 см |
||
| 380 | _aX | ||
| 500 | _aОриг. загл. Life after Life / Kate Atkinson. - Съдържа и за авт. | ||
| 653 | _aромани | ||
| 659 | _aН | ||
| 852 | _aЦб 279535 | ||
| 856 | 4 |
_qpdf _u |
|
| 856 | 4 |
_qpdf _u |
|
| 942 |
_cKNG _n0 _029 |
||
| 944 |
_aCR _c16.02.2016 _lф / _kВиолета_Тройчева |
||
| 944 |
_aED _c11.02.2018 _lф / _kВиолета_Тройчева |
||
| 999 |
_c177827 _d177827 |
||